00181 a2200073 450000100060000010000160000624500580002226000270008051855 aBruell S C aComputational Algorithms for Closed Queveing Networks aNew YorkbHorth Landc